|
|
|
|
| LEADER |
00000nam2a2200000 4500 |
| 001 |
331896 |
| 005 |
20231102004412.0 |
| 035 |
|
|
|a (RuTPU)RU\TPU\book\357765
|
| 035 |
|
|
|a RU\TPU\book\357764
|
| 090 |
|
|
|a 331896
|
| 100 |
|
|
|a 20170510d1977 k y0rusy5003 ca
|
| 101 |
0 |
|
|a rus
|
| 102 |
|
|
|a RU
|
| 105 |
|
|
|a a z 001zy
|
| 200 |
0 |
|
|a Вып. 2
|f отв. ред. Р. И. Минц
|
| 210 |
|
|
|d 1977
|
| 215 |
|
|
|a 110 с.
|c ил.
|
| 305 |
|
|
|a Изд. выходит с 1975 г.
|
| 320 |
|
|
|a Библиогр. в конце ст.
|
| 461 |
|
1 |
|0 (RuTPU)RU\TPU\book\313862
|t Физические методы исследования твердого тела
|o межвузовский сборник
|f Уральский политехнический институт им. С. М. Кирова
|v Вып. 2
|d 1975-
|
| 606 |
1 |
|
|a Твердые тела
|x Физика
|2 stltpush
|3 (RuTPU)RU\TPU\subj\58697
|9 76461
|
| 610 |
1 |
|
|a исследования
|
| 610 |
1 |
|
|a свойства
|
| 610 |
1 |
|
|a ядерно-магнитный резонанс
|
| 610 |
1 |
|
|a ЯМР
|
| 610 |
1 |
|
|a эффект Мессбауэра
|
| 610 |
1 |
|
|a метод Монте-Карло
|
| 610 |
1 |
|
|a электронная эмиссия
|
| 610 |
1 |
|
|a ультразвуковые исследования
|
| 610 |
1 |
|
|a дефекты
|
| 610 |
1 |
|
|a фотопроводимость
|
| 610 |
1 |
|
|a экзоэлектронная эмиссия
|
| 610 |
1 |
|
|a спектральные исследования
|
| 610 |
1 |
|
|a лунное вещество
|
| 610 |
1 |
|
|a ядерный квадрупольный резонанс
|
| 675 |
|
|
|a 539.2
|z rus
|v 3
|
| 702 |
|
1 |
|a Минц
|b Р. И.
|g Рафаил Исаакович
|4 340
|
| 801 |
|
0 |
|a RU
|b 63413507
|c 19950704
|g psbo
|
| 801 |
|
1 |
|a RU
|b 63413507
|c 20150415
|
| 801 |
|
2 |
|a RU
|b 63413507
|c 20170515
|g RCR
|
| 942 |
|
|
|c BK
|